| 000 | 00576nam a2200205Ia 4500 | ||
|---|---|---|---|
| 003 | OSt | ||
| 005 | 20230518153026.0 | ||
| 008 | 210423s2001 xx 000 0 und d | ||
| 040 | _cAL | ||
| 041 | _aeng | ||
| 082 |
_a338.9 _223 _bMITP |
||
| 100 |
_aMITTAL (A C) _9108766 |
||
| 245 | _aPlanning for urban and economic development: part 2 | ||
| 260 |
_aNew Delhi _bMittal Publications _c2001 |
||
| 365 |
_b700 _cINR |
||
| 650 |
_aEconomics _9108767 |
||
| 650 |
_aEconomics of Development _9108768 |
||
| 906 | _adevelopment: ; economic ; Planning ; urban | ||
| 942 |
_2ddc _cBK |
||
| 999 |
_c172448 _d172448 |
||